• 首页
  • 本馆介绍
  • 公告通知
  • 最新文献
  • 馆藏检索
  • 电子资源
  • 读者导购
  • 参考咨询
  • 我的图书馆
  • 登录
  • 详细信息显示
  • 放入我的书架
  • 预约/预借图书
  • 作者相关作品
  • 分类相关作品
  • 丛书相关作品
  • 出版社相关作品

书目信息

  • 表格格式
  • 工作单格式
  • 卡片格式
题名:
俏皮话
    
 
作者: 吴研人 著 ;卢叔度 辑注
分册:  
出版信息: 广州   广东人民出版社  1958.02
页数: 105页
开本: 19cm
丛书名:
单 册:
中图分类: I276.8
科图分类:
主题词: 民间文学--中国
电子资源:
ISBN:
000 00648nam0 2200229 45
001 0204030990
005 20040413104204.5
010    @dCNY0.50
091    @a10111.231
100    @a20020403d1958 km y0chiy0120 ea
101 0  @achi
105    @a z 000yy
200 1  @a俏皮话@AQiao Pi Hua@f(清)吴研人著@F(Qing)Wu Yan Ren Zhu@g卢叔度辑注
210    @a广州@c广东人民出版社@d1958.02
215    @a105页@d19cm
300    @a附录:新笑林广记,新笑史
606 0  @a民间文学@x中国
690    @aI276.8@v3
701  0 @a吴研人@4著
702  0 @a卢叔度@ALu Shu Du@4辑注
801    @aCN@bTSTC@c20020403
905    @dI276.8@e21@f1@b53807@b53813@f2@b53810-811@f1
    
    俏皮话/(清)吴研人著/卢叔度辑注.-广州:广东人民出版社,1958.02
    105页;19cm
    附录:新笑林广记,新笑史
    
    ISBN :CNY0.50
    
●
相关链接 在E读中查询图书 在五车中查询图书 在当当中查询图书 在豆瓣中查询图书


正题名:俏皮话     索取号:I276.8/21         预约/预借

序号 登录号 条形码 馆藏地/架位号 状态 备注
1 0053807   000037098   密集书库/ [索取号:I276.8/21] 在馆    
2 0053808   001923235   密集书库/ [索取号:I276.8/21] 在馆    
3 0053810   001591780   密集书库/ [索取号:I276.8/21] 在馆    
4 0053811   000037089   第二借阅区/ [索取号:I276.8/21] 在馆    
5 0053812   001779392   密集书库/ [索取号:I276.8/21] 在馆    
6 0053813   000037114   第二借阅区/ [索取号:I276.8/21] 在馆    
7 0053814   000037105   第一样本阅览室/ [索取号:I276.8/21] 在馆    
唐山师范学院图书馆 欢迎您!
大连网信软件有限公司© 版权所有